[Event "DVM 2008 U20"]
[Site "Arendsee"]
[Date "2008.12.27"]
[Round "1.1"]
[White "Bäumler, Ilja"]
[Black "Mazarov, Jürgen"]
[Result "1/2-1/2"]
[WhiteElo "2192"]
[BlackElo "2139"]
[PlyCount "128"]
[EventDate "2008.??.??"]
[WhiteTeam "SK Nordhorn-Blanke"]
[BlackTeam "Schachgesellschaft Bochum 1931"]

1. e4 c5 2. c3 Nf6 3. e5 Nd5 4. d4 cxd4 5. cxd4 Nc6 6. Nf3 d6 7. Bc4 Nb6 8. Bb3
dxe5 9. d5 Na5 10. Nc3 Nxb3 11. Qxb3 e6 12. Nxe5 exd5 13. Be3 Bd6 14. Qb5+ Bd7
15. Nxd7 Qxd7 16. Bxb6 axb6 17. O-O Qxb5 18. Nxb5 O-O-O 19. Rfe1 Bc5 20. Rac1
Kb8 21. Rcd1 Rhe8 22. Rxe8 Rxe8 23. Kf1 Rd8 24. Ke2 Be7 25. Rd2 Bf6 26. b3 Re8+
27. Kd1 Rd8 28. Ke2 Re8+ 29. Kd1 Rd8 30. g3 Rd7 31. Kc2 Kc8 32. Kd3 Kd8 33. h4
Be7 34. Re2 Bc5 35. f4 Re7 36. Rxe7 Kxe7 37. Nc7 Kd6 38. Ne8+ Ke7 39. Nxg7 Kf6
40. Ne8+ Kf5 41. h5 Kg4 42. Nf6+ Kxg3 43. Nxd5 Kg4 44. b4 Bg1 45. Nf6+ Kxf4 46.
Nxh7 Kg4 47. h6 Kh5 48. Ng5 Kxh6 49. Nxf7+ Kg7 50. Nd8 Kf6 51. Kc4 Ke7 52. Nxb7
Kd7 53. Kb5 Kc7 54. Ka6 Be3 55. a4 Bd2 56. b5 Bb4 57. Ka7 Bc3 58. Nd6 Kxd6 59.
Kxb6 Kd7 60. Kb7 Ba5 61. Ka6 Bd8 62. a5 Kc8 63. b6 Kb8 64. Kb5 Bxb6 1/2-1/2

[Event "DVM 2008 U20"]
[Site "Arendsee"]
[Date "2008.12.27"]
[Round "1.2"]
[White "Ratkovitch, Dimitri"]
[Black "Baisakow, Alexander"]
[Result "0-1"]
[WhiteElo "2119"]
[BlackElo "2107"]
[PlyCount "126"]
[EventDate "2008.??.??"]
[WhiteTeam "Schachgesellschaft Bochum 1931"]
[BlackTeam "SK Nordhorn-Blanke"]

1. e4 c5 2. Nf3 d6 3. c3 Nf6 4. d3 g6 5. g3 Bg7 6. Bg2 O-O 7. Nbd2 Nc6 8. O-O
Bd7 9. Re1 Rb8 10. Nb3 Qc7 11. d4 cxd4 12. Nbxd4 a6 13. Qd3 Rfd8 14. Nxc6 Bxc6
15. Nd4 Be8 16. h3 Nd7 17. Be3 Ne5 18. Qc2 Nc4 19. Rad1 Nxe3 20. Rxe3 b5 21.
Qd3 Rdc8 22. Nc2 a5 23. a3 Bd7 24. Ree1 Be6 25. Rd2 Qc5 26. Ne3 Bh6 27. Kh2 Bc4
28. Qd4 Qc7 29. Nxc4 bxc4 30. Rc2 Bg7 31. Qe3 Rb5 32. Qe2 Qc5 33. Rd1 e6 34.
Qd2 Rb6 35. Qe2 Qb5 36. Bf1 Qa4 37. Rcd2 Qd7 38. Rc2 Rcb8 39. Kg1 Qa4 40. Rcd2
Rxb2 41. Qxc4 Qxa3 42. Rxd6 Bxc3 43. Rd8+ Kg7 44. R8d7 Qb3 45. Qc7 Rf8 46. Bc4
Qc2 47. Qf4 Kg8 48. Rd8 Bb4 49. Bxe6 fxe6 50. Rxf8+ Bxf8 51. Rd7 Qb1+ 52. Kg2
Rxf2+ 53. Kxf2 Bc5+ 54. Ke2 Qb5+ 55. Rd3 a4 56. Qf6 Qc4 57. Qd8+ Kg7 58. Qd7+
Kh6 59. Qd8 Qxe4+ 60. Kd1 a3 61. Rd2 Qf3+ 62. Kc2 Qxg3 63. Qd3 a2 0-1

[Event "DVM 2008 U20"]
[Site "Arendsee"]
[Date "2008.12.27"]
[Round "1.3"]
[White "Sanning, Nico"]
[Black "Tkachuk, Konstantyn"]
[Result "0-1"]
[WhiteElo "1957"]
[BlackElo "2154"]
[PlyCount "162"]
[EventDate "2008.??.??"]
[WhiteTeam "SK Nordhorn-Blanke"]
[BlackTeam "Schachgesellschaft Bochum 1931"]

1. e4 c5 2. c3 g6 3. d4 cxd4 4. cxd4 d5 5. exd5 Nf6 6. Bb5+ Nbd7 7. d6 exd6 8.
Nc3 a6 9. Be2 Bg7 10. Bf4 Nb6 11. Nf3 Nbd5 12. Bg3 O-O 13. O-O b5 14. Nxd5 Nxd5
15. a4 b4 16. Qb3 Bb7 17. a5 Rc8 18. Bc4 Rxc4 19. Qxc4 f5 20. Bh4 Qd7 21. Rfe1
Kh8 22. Ng5 h6 23. Ne6 Rc8 24. Qd3 g5 25. Bxg5 hxg5 26. Qxf5 Nf4 27. d5 Bxb2
28. Rad1 Qh7 29. Qxh7+ Kxh7 30. Nxf4 Bf6 31. Re6 Bd8 32. Rxd6 Kg8 33. Ne6 Bxa5
34. Nd4 Bd8 35. Nc6 Bxc6 36. Rxc6 Ra8 37. Ra1 a5 38. Rc4 Rb8 39. Kf1 b3 40. Rb1
b2 41. Ke2 Bf6 42. Kd3 Kf7 43. Kc2 Re8 44. Kd3 Rd8 45. Rc5 a4 46. Ra5 Rc8 47.
Rxa4 Rc1 48. Ra7+ Kg6 49. Rxb2 Bxb2 50. Ke4 Re1+ 51. Kf3 Be5 52. Re7 Kf5 53. h3
Bc3 54. d6 Rd1 55. Rc7 Be5 56. Rc4 Rd3+ 57. Ke2 Rxd6 58. Ke3 Bf4+ 59. Ke2 Rd2+
60. Ke1 Ra2 61. g3 Bb8 62. h4 g4 63. Kf1 Be5 64. Kg2 Rd2 65. Rc8 Bd4 66. Rf8+
Bf6 67. Kf1 Ke6 68. Rg8 Rd4 69. Ke2 Re4+ 70. Kd3 Kf5 71. Rf8 Re1 72. Kd2 Re6
73. Kd3 Kg6 74. Rc8 Be5 75. Rc4 Kh5 76. Rc5 Kg6 77. Rc4 Kf5 78. f3 gxf3 79. g4+
Kg6 80. Ke3 Rf6 81. Rc2 f2 0-1

[Event "DVM 2008 U20"]
[Site "Arendsee"]
[Date "2008.12.27"]
[Round "1.4"]
[White "Werthebach, Felix"]
[Black "van Akkeren, Arno"]
[Result "1-0"]
[WhiteElo "2128"]
[BlackElo "1864"]
[PlyCount "61"]
[EventDate "2008.??.??"]
[WhiteTeam "Schachgesellschaft Bochum 1931"]
[BlackTeam "SK Nordhorn-Blanke"]

1. c4 Nf6 2. g3 g6 3. Bg2 Bg7 4. Nc3 O-O 5. d3 d6 6. e4 c5 7. Nge2 Nc6 8. O-O
a6 9. h3 Rb8 10. Be3 b5 11. Qd2 Re8 12. f4 e5 13. f5 gxf5 14. exf5 Nd4 15. g4
b4 16. Nd5 Nxe2+ 17. Qxe2 e4 18. Bg5 Bb7 19. dxe4 Bxd5 20. cxd5 Qb6 21. Qc4
Nxe4 22. f6 Nxg5 23. fxg7 Re3 24. Qf4 c4 25. Kh2 h6 26. h4 Rb7 27. hxg5 hxg5
28. Qf6 Kh7 29. Be4+ Rxe4 30. Qf5+ Kg8 31. Qxe4 1-0

[Event "DVM 2008 U20"]
[Site "Arendsee"]
[Date "2008.12.27"]
[Round "1.5"]
[White "Kleinschmidt, Rene"]
[Black "Pilat, Daniel"]
[Result "0-1"]
[WhiteElo "1916"]
[BlackElo "2075"]
[PlyCount "122"]
[EventDate "2008.??.??"]
[WhiteTeam "SK Nordhorn-Blanke"]
[BlackTeam "Schachgesellschaft Bochum 1931"]

1. e4 c5 2. c3 d5 3. exd5 Qxd5 4. d4 Nc6 5. Nf3 Bg4 6. Be2 e6 7. O-O cxd4 8.
cxd4 Nf6 9. Nc3 Qd6 10. Nb5 Qd8 11. Bg5 Be7 12. Rc1 a6 13. Nc3 O-O 14. Ne5 Bxe2
15. Nxe2 Rc8 16. Qa4 Nxe5 17. dxe5 Rxc1 18. Rxc1 Nd5 19. Bxe7 Qxe7 20. h3 h6
21. Qg4 Qb4 22. Qxb4 Nxb4 23. Rc4 Nc6 24. f4 Rd8 25. Rc2 g5 26. g3 Rd3 27. Kf2
gxf4 28. Nxf4 Rd4 29. Ke3 Ra4 30. b3 Ra5 31. Nd3 Nxe5 32. Rc5 Nc6 33. Rxa5 Nxa5
34. Nc5 Kf8 35. b4 Nc4+ 36. Kd4 Nd6 37. g4 Ke7 38. h4 Kf6 39. Nd7+ Ke7 40. Nc5
Kf6 41. Nd7+ Ke7 42. Nc5 f6 43. Ke3 e5 44. a4 Kf7 45. Kf3 Kg6 46. Kg3 h5 47.
Nd7 hxg4 48. h5+ Kg5 49. Nc5 Kxh5 50. Nd3 Ne4+ 51. Kg2 Kg5 52. b5 axb5 53. axb5
Kf5 54. b6 Ke6 55. Nb4 Kd6 56. Nc2 f5 57. Ne3 Ke6 58. Nc4 f4 59. Na5 Nd6 60.
Nb3 Kd5 61. Nc1 e4 0-1

[Event "DVM 2008 U20"]
[Site "Arendsee"]
[Date "2008.12.27"]
[Round "1.6"]
[White "Zeldin, Leonid"]
[Black "Rickling, Renee"]
[Result "1-0"]
[WhiteElo "2073"]
[BlackElo "1700"]
[PlyCount "53"]
[EventDate "2008.??.??"]
[WhiteTeam "Schachgesellschaft Bochum 1931"]
[BlackTeam "SK Nordhorn-Blanke"]

1. e4 d5 2. exd5 Qxd5 3. Nc3 Qa5 4. d4 c6 5. Bc4 Bf5 6. Nge2 Nf6 7. Ng3 Bg6 8.
Qe2 Nbd7 9. Bd2 Qc7 10. f4 Nb6 11. f5 Nxc4 12. Qxc4 Bh5 13. O-O Bg4 14. Bf4 Qa5
15. b4 Qb6 16. h3 Bh5 17. Be5 g6 18. Bxf6 exf6 19. Rfe1+ Be7 20. Nxh5 gxh5 21.
b5 Rd8 22. Re4 Rg8 23. Rae1 Rd7 24. bxc6 bxc6 25. Na4 Qc7 26. Nc5 h4 27. Qe2
1-0

[Event "DVM 2008 U20"]
[Site "Arendsee"]
[Date "2008.12.27"]
[Round "1.1"]
[White "Schneider, David"]
[Black "Eidner, Falk"]
[Result "1/2-1/2"]
[WhiteElo "2218"]
[BlackElo "1993"]
[PlyCount "38"]
[EventDate "2008.??.??"]
[WhiteTeam "FSV Großenseebach"]
[BlackTeam "USG Chemnitz"]

1. e4 e5 2. Nf3 Nc6 3. Bb5 a6 4. Ba4 Nf6 5. O-O b5 6. Bb3 Bc5 7. Re1 d6 8. c3
O-O 9. d4 Bb6 10. Bg5 h6 11. Bd5 Bb7 12. Bxf6 Qxf6 13. Na3 Rab8 14. Nc2 Ne7 15.
Bxb7 Rxb7 16. a4 c6 17. axb5 axb5 18. Ra6 Qe6 19. Ne3 Rd8 1/2-1/2

[Event "DVM 2008 U20"]
[Site "Arendsee"]
[Date "2008.12.27"]
[Round "1.2"]
[White "Schätz, Christopher"]
[Black "Seyb, Alexander"]
[Result "0-1"]
[WhiteElo "1888"]
[BlackElo "2241"]
[PlyCount "108"]
[EventDate "2008.??.??"]
[WhiteTeam "USG Chemnitz"]
[BlackTeam "FSV Großenseebach"]

1. e4 c5 2. Nf3 d6 3. d4 cxd4 4. Nxd4 Nf6 5. Nc3 a6 6. Be2 e5 7. Nb3 Be7 8. O-O
O-O 9. f4 b5 10. Bf3 Bb7 11. fxe5 dxe5 12. Bg5 Nbd7 13. Qe1 b4 14. Nd1 a5 15.
Ne3 a4 16. Nd2 h6 17. Bh4 Nh7 18. Bg3 Ng5 19. Nd5 Nxf3+ 20. Nxf3 Ba6 21. Nxe7+
Qxe7 22. Rf2 Rfd8 23. Rd2 Nf6 24. Bxe5 Rxd2 25. Qxd2 Nxe4 26. Qd4 Ng5 27. Nxg5
Qxg5 28. Bf4 Qb5 29. Re1 Rc8 30. Qf2 Qf5 31. Rc1 Bb7 32. Be3 Qe4 33. Qf3 Qxf3
34. gxf3 Bxf3 35. c3 bxc3 36. Rxc3 Rxc3 37. bxc3 Bd5 38. a3 f5 39. h4 Kf7 40.
Kf2 Ke6 41. Kg3 Bc4 42. Bd4 g5 43. Bg7 f4+ 44. Kf3 Kf5 45. Bxh6 Bd5+ 46. Kf2
gxh4 47. Bg7 Kg4 48. Bd4 h3 49. Kg1 Kg3 50. Bf2+ Kf3 51. Bd4 Ke2 52. Kh2 f3 53.
Kxh3 f2 54. Bxf2 Kxf2 0-1

[Event "DVM 2008 U20"]
[Site "Arendsee"]
[Date "2008.12.27"]
[Round "1.3"]
[White "Linsenmeyer, Mario"]
[Black "Rosenblatt, Marcus"]
[Result "0-1"]
[WhiteElo "2101"]
[BlackElo "1936"]
[PlyCount "100"]
[EventDate "2008.??.??"]
[WhiteTeam "FSV Großenseebach"]
[BlackTeam "USG Chemnitz"]

1. d4 Nf6 2. Nf3 g6 3. c4 Bg7 4. Nc3 O-O 5. e4 d6 6. Be2 e5 7. Be3 Nc6 8. d5
Ne7 9. Nd2 Nd7 10. O-O f5 11. f3 f4 12. Bf2 g5 13. b4 h5 14. c5 Rf6 15. Nc4 a6
16. Na4 Rb8 17. cxd6 cxd6 18. Nab6 Rg6 19. Rc1 Nf6 20. Nxc8 Nxc8 21. Qc2 g4 22.
Na5 g3 23. Be1 Ne8 24. Kh1 Ne7 25. h3 Bf6 26. a4 Rg7 27. b5 axb5 28. axb5 Rc8
29. Qb1 Rxc1 30. Qxc1 Nc8 31. Bb4 Rc7 32. Qb2 Qd7 33. Rc1 Bd8 34. Rxc7 Qxc7 35.
Nc4 Nb6 36. Qa2 Nxc4 37. Bxc4 Qb6 38. Qd2 Qa7 39. Qb2 Bb6 40. Bc3 Qa4 41. Be2
Bd4 42. Bxd4 exd4 43. Kg1 Nf6 44. e5 dxe5 45. d6 Qa5 46. Qc1 Qc3 47. Qb1 Qe3+
48. Kh1 Kg7 49. Qd3 Qc1+ 50. Bf1 Qc5 0-1

[Event "DVM 2008 U20"]
[Site "Arendsee"]
[Date "2008.12.27"]
[Round "1.5"]
[White "Kirch, Florian"]
[Black "Leschner, Marius"]
[Result "0-1"]
[WhiteElo "2012"]
[BlackElo "1884"]
[PlyCount "76"]
[EventDate "2008.??.??"]
[WhiteTeam "FSV Großenseebach"]
[BlackTeam "USG Chemnitz"]

1. d4 Nf6 2. c4 g6 3. Nc3 Bg7 4. e4 d6 5. Nf3 O-O 6. Be2 Nc6 7. d5 Ne5 8. Nxe5
dxe5 9. Be3 e6 10. f3 exd5 11. cxd5 Ne8 12. O-O Nd6 13. Qb3 f5 14. Rac1 fxe4
15. fxe4 Qh4 16. Bf2 Qg5 17. Nb5 Rxf2 18. Kxf2 Nxe4+ 19. Kg1 Nd2 20. Qc3 Nxf1
21. Bxf1 e4 22. Qxc7 Be5 23. d6 Bh3 24. Qc4+ Kf8 25. Re1 Bf5 26. Qb4 a5 27. Qc5
Bd7 28. Qf2+ Kg7 29. Nc3 e3 30. Qf3 Rf8 31. Qxb7 Rf7 32. Qe4 Bxd6 33. Bc4 Re7
34. Qf3 Qh4 35. g3 Qxc4 36. Nd5 Rf7 37. Qd1 Bc5 38. Re2 Bg4 0-1

[Event "DVM 2008 U20"]
[Site "Arendsee"]
[Date "2008.12.27"]
[Round "1.6"]
[White "Klebanov, Andrej"]
[Black "Hofmann, Benjamin"]
[Result "1-0"]
[WhiteElo "1863"]
[BlackElo "1946"]
[PlyCount "56"]
[EventDate "2008.??.??"]
[WhiteTeam "USG Chemnitz"]
[BlackTeam "FSV Großenseebach"]

1. d4 g6 2. c4 Bg7 3. Nc3 d6 4. Nf3 Nd7 5. e4 h6 6. Be3 e5 7. d5 f5 8. g3 Ne7
9. Nh4 fxe4 10. Nxe4 O-O 11. Bd3 Nf6 12. Qc2 Nxe4 13. Bxe4 g5 14. Ng2 Bf5 15.
h4 g4 16. h5 Qd7 17. Rh4 c6 18. dxc6 bxc6 19. Qd3 d5 20. Bxf5 Nxf5 21. Rxg4 e4
22. Rxe4 Qb7 23. Rg4 Nxe3 24. Nxe3 Qxb2 25. Nc2 Rae8+ 26. Kf1 Qb6 27. f4 dxc4
28. Qxc4+ Kh8 {nicht nachvollziehbar} 1-0

[Event "DVM 2008 U20"]
[Site "Arendsee"]
[Date "2008.12.27"]
[Round "1.1"]
[White "Högy, Kevin"]
[Black "Bracker, Frank"]
[Result "0-1"]
[WhiteElo "1972"]
[BlackElo "2222"]
[PlyCount "50"]
[EventDate "2008.??.??"]
[WhiteTeam "Sfr.Neuberg"]
[BlackTeam "Hamburger SK von 1830 eV"]

1. e4 c5 2. Nf3 d6 3. d4 cxd4 4. Nxd4 Nf6 5. Nc3 a6 6. Bg5 e6 7. f4 Qc7 8. Bxf6
gxf6 9. Qd2 Nc6 10. Be2 h5 11. O-O-O Bd7 12. Kb1 O-O-O 13. Rhf1 Kb8 14. Rf3
Nxd4 15. Qxd4 Be7 16. Qb4 Bc6 17. Qb3 f5 18. Re3 fxe4 19. Nxe4 d5 20. Ng3 h4
21. Nh5 d4 22. Re5 f6 23. Rxe6 Bd5 24. Qh3 Rc8 25. c4 dxc3 0-1

[Event "DVM 2008 U20"]
[Site "Arendsee"]
[Date "2008.12.27"]
[Round "1.2"]
[White "Bracker, Arne"]
[Black "Knickel, Aaron"]
[Result "1-0"]
[WhiteElo "2162"]
[BlackElo "2085"]
[PlyCount "87"]
[EventDate "2008.??.??"]
[WhiteTeam "Hamburger SK von 1830 eV"]
[BlackTeam "Sfr.Neuberg"]

1. e4 g6 2. d4 Bg7 3. Nc3 d6 4. g3 a6 5. Bg2 b5 6. a3 Bb7 7. Nge2 Nd7 8. O-O e6
9. f4 Ne7 10. Be3 O-O 11. Qd2 Qc8 12. Rad1 d5 13. e5 c5 14. dxc5 Nxc5 15. Nd4
Nd7 16. Qf2 Nc6 17. Nxc6 Qxc6 18. Bd4 a5 19. Rd2 b4 20. axb4 axb4 21. Nd1 Rfe8
22. g4 Ba6 23. Re1 b3 24. c3 Nc5 25. Qe3 Bc4 26. Nf2 Ra2 27. h4 Bf8 28. h5 Rea8
29. Bf3 Ra1 30. Kg2 Rxe1 31. Qxe1 Ra2 32. g5 Qb7 33. Ng4 Nd3 34. Nf6+ Kh8 35.
Qh4 Rxb2 36. Rxb2 Nxb2 37. Nxh7 Kxh7 38. hxg6+ Kxg6 39. Bg4 Qd7 40. f5+ Kg7 41.
fxe6 fxe6 42. Qh6+ Kf7 43. Qf6+ Ke8 44. Bh5+ 1-0

[Event "DVM 2008 U20"]
[Site "Arendsee"]
[Date "2008.12.27"]
[Round "1.3"]
[White "Seifert, Christopher"]
[Black "Dalakian, Haroutioun"]
[Result "0-1"]
[WhiteElo "2133"]
[BlackElo "2069"]
[PlyCount "126"]
[EventDate "2008.??.??"]
[WhiteTeam "Sfr.Neuberg"]
[BlackTeam "Hamburger SK von 1830 eV"]

1. d4 Nf6 2. Nf3 e6 3. e3 c5 4. Bd3 b6 5. Nbd2 Bb7 6. c3 cxd4 7. exd4 Be7 8.
Qe2 O-O 9. O-O d6 10. a4 a6 11. Nc4 Nbd7 12. Bg5 Re8 13. Nfd2 Qc7 14. f4 Bf8
15. Rae1 Bc6 16. Qd1 b5 17. axb5 axb5 18. Ne5 g6 19. Nxc6 Qxc6 20. Qb3 Rab8 21.
Ra1 Bg7 22. Rfc1 Qb6 23. Bxf6 Nxf6 24. Nf3 Bh6 25. Ng5 Re7 26. Re1 e5 27. Kf1
Qc7 28. fxe5 dxe5 29. dxe5 Bxg5 30. exf6 Bxf6 31. Kg1 Rxe1+ 32. Rxe1 Qd6 33.
Bf1 Be5 34. h3 Qc5+ 35. Kh1 Bd6 36. Rd1 Qe5 37. Rxd6 Qxd6 38. Bxb5 Rd8 39. c4
Qd1+ 40. Qxd1 Rxd1+ 41. Kh2 Rb1 42. Kg3 Rxb2 43. Bc6 Kf8 44. Kf4 f6 45. Bf3 Rc2
46. Bd5 Ke7 47. Kg3 f5 48. Bg8 Kf6 49. Bd5 g5 50. Bg8 h5 51. Bd5 h4+ 52. Kf3
Ke5 53. Bg8 Rc3+ 54. Kf2 Kf4 55. Be6 Rc2+ 56. Kf1 Ke3 57. Kg1 Rc1+ 58. Kh2 Kf4
59. Bd5 g4 60. hxg4 fxg4 61. g3+ hxg3+ 62. Kg2 Rc2+ 63. Kg1 g2 0-1

[Event "DVM 2008 U20"]
[Site "Arendsee"]
[Date "2008.12.27"]
[Round "1.4"]
[White "Colpe, Malte"]
[Black "Hummel, Dennis"]
[Result "1/2-1/2"]
[WhiteElo "2089"]
[BlackElo "1814"]
[PlyCount "98"]
[EventDate "2008.??.??"]
[WhiteTeam "Hamburger SK von 1830 eV"]
[BlackTeam "Sfr.Neuberg"]

1. Nf3 d5 2. d4 Nf6 3. c4 e6 4. Nc3 Bd6 5. Bg5 c6 6. c5 Bc7 7. e3 h6 8. Bh4
Nbd7 9. Bd3 O-O 10. O-O e5 11. dxe5 Nxe5 12. h3 Qe7 13. Nd4 Re8 14. Bf5 g5 15.
Bxc8 Raxc8 16. Nf5 Qf8 17. Bg3 Kh7 18. Qc2 Ng6 19. Bd6 Qh8 20. Ne7 Bxd6 21.
Nxc8 Bxc5 22. b4 Bxb4 23. Rab1 Rxc8 24. Rxb4 Rb8 25. a4 Qc8 26. f4 g4 27. h4 g3
28. h5 Nxh5 29. f5 Ne5 30. f6+ Ng6 31. Qf5 Qe6 32. Rf3 c5 33. Rg4 Qe5 34. Nxd5
Rd8 35. e4 c4 36. Rf1 c3 37. Nxc3 Qxc3 38. Qxh5 Qe3+ 39. Kh1 Qe2 40. Qf5 Rd1
41. Rgf4 Rd2 42. Rg1 Rd4 43. Rg4 b6 44. Qf3 Qc4 45. Rxg3 Rxe4 46. Rh3 Qxa4 47.
g3 Qd4 48. Qh5 Qd2 49. Rh2 Qe3 1/2-1/2

[Event "DVM 2008 U20"]
[Site "Arendsee"]
[Date "2008.12.27"]
[Round "1.6"]
[White "Held, Florian"]
[Black "Bluhm, Achim"]
[Result "1-0"]
[WhiteElo "1943"]
[BlackElo "1644"]
[PlyCount "133"]
[EventDate "2008.??.??"]
[WhiteTeam "Hamburger SK von 1830 eV"]
[BlackTeam "Sfr.Neuberg"]

1. e4 c5 2. Nf3 e6 3. d4 cxd4 4. Nxd4 a6 5. Nc3 Qc7 6. Bd3 Nf6 7. O-O Nc6 8.
Be3 Be7 9. Kh1 d6 10. f4 O-O 11. Nf3 Rd8 12. Qe1 Nb4 13. Qg3 Nxd3 14. cxd3 Bd7
15. Rac1 Qa5 16. Nd4 Qh5 17. f5 e5 18. Nb3 Bc6 19. Na5 Rac8 20. Bb6 Re8 21. Rf3
Nd7 22. Be3 Qh4 23. Qxh4 Bxh4 24. Nc4 Be7 25. f6 Nxf6 26. Bg5 Rcd8 27. Bxf6
Bxf6 28. Nb6 Be7 29. Rcf1 f6 30. Nbd5 Bxd5 31. Nxd5 Rc8 32. h4 Rc2 33. R1f2
Rxf2 34. Rxf2 Kf7 35. Rc2 Bd8 36. Kh2 g6 37. Kh3 f5 38. b4 Rf8 39. Rc8 fxe4 40.
dxe4 Ke8 41. Rb8 b6 42. Kg3 Kf7 43. Rb7+ Ke6 44. Rxh7 a5 45. bxa5 bxa5 46. Rg7
Rh8 47. Rxg6+ Kd7 48. Rg4 Kc6 49. Ne3 Kb5 50. Nf5 Ka4 51. Nxd6 Ka3 52. Nf7 Rf8
53. Nxd8 Rxd8 54. Rg5 Kxa2 55. Rxe5 a4 56. Ra5 a3 57. h5 Rb8 58. Kf4 Kb2 59. g4
a2 60. g5 a1=Q 61. Rxa1 Kxa1 62. g6 Rf8+ 63. Kg5 Kb2 64. g7 Rf1 65. Kg6 Rg1+
66. Kh7 Rg5 67. h6 1-0

[Event "DVM 2008 U20"]
[Site "Arendsee"]
[Date "2008.12.27"]
[Round "1.1"]
[White "Nuber, Korbinian"]
[Black "Paul, Johannes"]
[Result "1-0"]
[WhiteElo "2106"]
[BlackElo "2038"]
[PlyCount "63"]
[EventDate "2008.??.??"]
[WhiteTeam "SC Dillingen"]
[BlackTeam "SG Aufbau Elbe Magdeburg"]

1. e4 c5 2. Nc3 Nc6 3. Bb5 g6 4. Bxc6 dxc6 5. d3 Bg7 6. f4 Nf6 7. Nf3 O-O 8.
O-O b6 9. Qe2 Ne8 10. Be3 Nc7 11. Qf2 Ne6 12. Rae1 Nd4 13. h3 Ba6 14. e5 Nxf3+
15. Qxf3 Qc7 16. b3 Bc8 17. Rd1 f6 18. exf6 Bxf6 19. Ne4 Bd4 20. Bxd4 cxd4 21.
Qg3 Rxf4 22. Rde1 Kg7 23. Ng5 Qd6 24. Re4 h6 25. Nf3 c5 26. Rfe1 e6 27. Ne5 Rf6
28. Qh4 h5 29. g4 Bb7 30. gxh5 Bxe4 31. h6+ Kh7 32. Qxf6 1-0

[Event "DVM 2008 U20"]
[Site "Arendsee"]
[Date "2008.12.27"]
[Round "1.2"]
[White "Großmann, Susan"]
[Black "Billing, Christian"]
[Result "1-0"]
[WhiteElo "1951"]
[BlackElo "2214"]
[PlyCount "81"]
[EventDate "2008.??.??"]
[WhiteTeam "SG Aufbau Elbe Magdeburg"]
[BlackTeam "SC Dillingen"]

1. e4 e6 2. d4 d5 3. Nc3 Nf6 4. e5 Nfd7 5. Qg4 c5 6. dxc5 Nc6 7. Nf3 Nxc5 8.
Nb5 Ne4 9. Bd3 Qa5+ 10. c3 Bd7 11. a4 a6 12. Nbd4 Nxd4 13. Nxd4 Qc7 14. O-O h5
15. Qf3 Nc5 16. Bc2 Bc6 17. Re1 Nd7 18. Bf4 Be7 19. Qg3 g5 20. Bxg5 Rg8 21. h4
O-O-O 22. Qe3 Bxg5 23. hxg5 Nf8 24. b4 Be8 25. Bd3 Kb8 26. Rec1 Ng6 27. f4 Qb6
28. b5 Ka8 29. bxa6 bxa6 30. a5 Qa7 31. Rab1 Bb5 32. Bxb5 axb5 33. Rxb5 Rb8 34.
Rcb1 Rxb5 35. Rxb5 Rc8 36. Kh2 Rc4 37. Qd2 Qc7 38. Rb6 Ne7 39. Qb2 Nc8 40. Ra6+
Na7 41. Nb5 1-0

[Event "DVM 2008 U20"]
[Site "Arendsee"]
[Date "2008.12.27"]
[Round "1.3"]
[White "Nuber, Blasius"]
[Black "Brüggemann, Florian"]
[Result "1-0"]
[WhiteElo "2073"]
[BlackElo "1960"]
[PlyCount "127"]
[EventDate "2008.??.??"]
[WhiteTeam "SC Dillingen"]
[BlackTeam "SG Aufbau Elbe Magdeburg"]

1. e4 e6 2. d4 d5 3. Bd3 Nf6 4. e5 Nfd7 5. Nf3 c5 6. c3 Nc6 7. a3 f6 8. Ng5
Ndxe5 9. dxe5 Nxe5 10. Bb5+ Nc6 11. Nh3 e5 12. O-O a6 13. Ba4 g6 14. Qf3 b5 15.
Bc2 Be6 16. Re1 Rc8 17. Nf4 Bf7 18. Qh3 Qd7 19. Qxd7+ Kxd7 20. Ne2 Bg7 21. Nd2
c4 22. f4 d4 23. Be4 d3 24. Ng3 exf4 25. Nf5 Bf8 26. Nf3 g5 27. N3d4 Nd8 28.
Bd2 Rb8 29. Reb1 Bc5 30. b4 cxb3 31. Kh1 Re8 32. Bxd3 Bxd4 33. Nxd4 Bc4 34.
Nxb3 Bxd3 35. Nc5+ Kc6 36. Nxd3 Re2 37. Be1 Nf7 38. Bf2 a5 39. a4 Rd2 40. Ba7
Rb7 41. axb5+ Rxb5 42. Rd1 Rxd1+ 43. Rxd1 Rd5 44. Bd4 Ne5 45. Bxe5 fxe5 46. c4
Rd4 47. Nxe5+ Kc5 48. Rxd4 Kxd4 49. Nc6+ Kxc4 50. Nxa5+ Kd3 51. Kg1 Ke2 52. Nc6
Ke3 53. Kf1 h5 54. Ne5 g4 55. Nc4+ Kd4 56. Nd6 Ke5 57. Ne8 h4 58. h3 Kf5 59.
Nd6+ Ke5 60. Nf7+ Ke4 61. hxg4 Kd5 62. Kf2 Ke6 63. Ng5+ Kf6 64. Nh3 1-0

[Event "DVM 2008 U20"]
[Site "Arendsee"]
[Date "2008.12.27"]
[Round "1.4"]
[White "Schulz, Marcel"]
[Black "Nuber, Helene"]
[Result "1/2-1/2"]
[WhiteElo "1840"]
[BlackElo "2040"]
[PlyCount "104"]
[EventDate "2008.??.??"]
[WhiteTeam "SG Aufbau Elbe Magdeburg"]
[BlackTeam "SC Dillingen"]

1. e4 e6 2. d4 d5 3. Nc3 dxe4 4. Nxe4 Nd7 5. Nf3 Ngf6 6. Ng3 c5 7. c3 Qb6 8.
Qc2 cxd4 9. Nxd4 a6 10. Nb3 Bd6 11. Be3 Qc7 12. Be2 Ne5 13. Ne4 Nxe4 14. Qxe4
Bd7 15. Qd4 Bc6 16. Rg1 Ng6 17. O-O-O O-O-O 18. Qa7 Bf4 19. Nc5 Qb8 20. Qb6 Qc7
21. Qa7 Rxd1+ 22. Rxd1 Rd8 23. Qa8+ Qb8 24. Rxd8+ Kxd8 25. Qxb8+ Bxb8 26. g3
Ke7 27. f4 Bd6 28. Kd2 Nf8 29. Bd4 g6 30. Ke3 Nd7 31. Ne4 Bc7 32. b4 e5 33.
fxe5 Bxe5 34. Bc4 f5 35. Ng5 Bxd4+ 36. Kxd4 h6 37. Nf7 h5 38. Ne5 Nxe5 39. Kxe5
Be4 40. Bb3 b6 41. c4 Kd7 42. Kf6 h4 43. Ba4+ Kd6 44. Be8 hxg3 45. hxg3 Bd3 46.
Bf7 a5 47. a3 axb4 48. axb4 Kc6 49. Ke5 g5 50. Kd4 Be2 51. Ke3 Bf1 52. Kd4 Be2
1/2-1/2

[Event "DVM 2008 U20"]
[Site "Arendsee"]
[Date "2008.12.27"]
[Round "1.5"]
[White "Giss, Arthur"]
[Black "Reichel, Matti"]
[Result "1/2-1/2"]
[WhiteElo "1975"]
[BlackElo "1767"]
[PlyCount "83"]
[EventDate "2008.??.??"]
[WhiteTeam "SC Dillingen"]
[BlackTeam "SG Aufbau Elbe Magdeburg"]

1. e4 c5 2. Nc3 Nc6 3. d3 g6 4. g3 Bg7 5. Bg2 e6 6. f4 Nge7 7. Nf3 d6 8. O-O
O-O 9. Rb1 Rb8 10. Be3 Nd4 11. Ne2 Nec6 12. c3 Nxe2+ 13. Qxe2 b5 14. Nh4 Ne7
15. Qf2 b4 16. d4 Ba6 17. Rfd1 bxc3 18. bxc3 Rxb1 19. Rxb1 cxd4 20. cxd4 d5 21.
e5 Qc7 22. Qb2 Rc8 23. Rc1 Qb6 24. Qxb6 axb6 25. Rxc8+ Nxc8 26. Bf1 Bxf1 27.
Kxf1 Bf8 28. Ke2 Bb4 29. Bd2 Bxd2 30. Kxd2 Kf8 31. Kc3 Ke7 32. Nf3 h5 33. h3
Na7 34. Kb4 Kd7 35. g4 hxg4 36. hxg4 Ke7 37. a4 Kd7 38. Nh4 Ke7 39. Nf3 Kd7 40.
Ng1 Kd8 41. Ne2 Kc7 42. Ng1 1/2-1/2

[Event "DVM 2008 U20"]
[Site "Arendsee"]
[Date "2008.12.27"]
[Round "1.6"]
[White "Rickmann, David"]
[Black "Schwarz, Andreas"]
[Result "0-1"]
[WhiteElo "1639"]
[BlackElo "1843"]
[PlyCount "54"]
[EventDate "2008.??.??"]
[WhiteTeam "SG Aufbau Elbe Magdeburg"]
[BlackTeam "SC Dillingen"]

1. e4 e6 2. d4 d5 3. Nc3 Nf6 4. e5 Nfd7 5. f4 c5 6. Nf3 Nc6 7. Be3 Qb6 8. Na4
Qa5+ 9. c3 c4 10. b4 Qc7 11. g3 Be7 12. Bg2 a5 13. a3 b6 14. O-O O-O 15. Qc2 f5
16. exf6 Nxf6 17. Bh3 Ne4 18. Nd2 Nxd2 19. Bxd2 Bd6 20. Rae1 axb4 21. axb4 Bxb4
22. Bxe6+ Bxe6 23. Rxe6 Qd7 24. Rfe1 Nxd4 25. Nxb6 Qxe6 26. Rxe6 Nxc2 27. Nxa8
Bc5+ 0-1

[Event "DVM 2008 U20"]
[Site "Arendsee"]
[Date "2008.12.27"]
[Round "1.1"]
[White "Siebarth, Raiko"]
[Black "Coenen, Michael"]
[Result "0-1"]
[WhiteElo "2267"]
[BlackElo "2268"]
[PlyCount "76"]
[EventDate "2008.??.??"]
[WhiteTeam "SG Blau-Weiß Stadtilm"]
[BlackTeam "Schachgemeinschaft Porz e.V."]

1. Nc3 e6 2. e4 d5 3. f4 dxe4 4. Nxe4 Nf6 5. Nf2 Bc5 6. Qe2 O-O 7. Nf3 b6 8.
Ne4 Ba6 9. Nxf6+ Qxf6 10. Qe4 Bxf1 11. Rxf1 Nd7 12. d4 Bb4+ 13. c3 Bd6 14. Ne5
Qe7 15. Be3 Nf6 16. Qd3 c5 17. O-O-O Rac8 18. Kb1 Rfd8 19. Rf3 Qb7 20. dxc5
bxc5 21. Ka1 Bc7 22. Qb1 Rxd1 23. Qxd1 Rd8 24. Qb1 Qd5 25. c4 Qe4 26. Bxc5 Bxe5
27. fxe5 Qxe5 28. Bxa7 Qe2 29. Rc3 Ne4 30. Re3 Qh5 31. g4 Qa5 32. Ra3 Qc7 33.
Rd3 Ra8 34. Qd1 h6 35. Rd7 Qa5 36. Qf3 f5 37. gxf5 Rxa7 38. Rxa7 Qe1+ 0-1